Normal view
MARC view
- Gupta, Anoop.
Entry Personal Name
001 - CONTROL NUMBER
- control field: 13756
003 - CONTROL NUMBER IDENTIFIER
- control field: NUST
005 - DATE AND TIME OF LATEST TRANSACTION
- control field: 20190306045731.0
008 - FIXED-LENGTH DATA ELEMENTS
- fixed length control field: 190306|| aca||aabn | a|a d
040 ## - CATALOGING SOURCE
- Original cataloging agency: NUST
- Transcribing agency: NUST
100 ## - HEADING--PERSONAL NAME
- Personal name: Gupta, Anoop.
670 ## - SOURCE DATA FOUND
- Source citation: Work cat.: (NUST)5501: Culler, David E. 13753, Parallel computer architecture : a hardware/software approach , c1999.
